[Event "Jesenik op-B"]
[Site "Jesenik"]
[Date "2023.08.20"]
[Round "2"]
[White "Vizner, Jaroslav"]
[Black "Jancalek, Jan"]
[Result "1-0"]
[WhiteElo "1848"]
[BlackElo "1574"]
[PlyCount "55"]
[EventDate "2023.08.19"]
[EventType "swiss"]
[EventRounds "9"]
[EventCountry "CZE"]
[SourceTitle "EXT 2024"]
[Source "ChessBase"]
[SourceDate "2023.10.10"]
[SourceVersion "1"]
[SourceVersionDate "2023.10.10"]
[SourceQuality "1"]

1. e4 c5 2. d4 cxd4 3. c3 d6 4. Bc4 Nf6 5. Qe2 Nc6 6. Nf3 Bg4 7. h3 Bh5 8. Bg5 a6 9. g4 Bg6 10. Bxf6 gxf6 11. cxd4 Qb6 12. Nc3 Rc8 13. Rd1 Bg7 14. 0-0 Na5 15. Bd3 e6 16. Ne1 0-0 17. Bb1 Rfe8 18. Kh2 d5 19. f4 dxe4 20. f5 exf5 21. gxf5 Bh5 22. Qxh5 Qxb2+ 23. Ne2 Rc3 24. Ng2 Rf3 25. Ng3 Rf2 26. Rxf2 Qxf2 27. Nxe4 Rxe4 28. Bxe4 1-0

[Event "Jesenik op-B"]
[Site "Jesenik"]
[Date "2023.08.19"]
[Round "1"]
[White "Vyvial, Vaclav"]
[Black "Vizner, Jaroslav"]
[Result "0-1"]
[WhiteElo "1473"]
[BlackElo "1848"]
[PlyCount "28"]
[EventDate "2023.08.19"]
[EventType "swiss"]
[EventRounds "9"]
[EventCountry "CZE"]
[SourceTitle "EXT 2024"]
[Source "ChessBase"]
[SourceDate "2023.10.10"]
[SourceVersion "1"]
[SourceVersionDate "2023.10.10"]
[SourceQuality "1"]

1. e4 e5 2. Nf3 Nf6 3. Nxe5 Nxe4 4. d4 Nc6 5. Nf3 d5 6. c3 Bd6 7. Bd3 0-0 8. 0-0 Bg4 9. Nbd2 Re8 10. h3 Bh5 11. Qb3 Rb8 12. g4 Bg6 13. Qc2 Qf6 14. Nxe4 dxe4 0-1

[Event "Moravia-Silesia Region-chT 2223"]
[Site "Czech Republic"]
[Date "2022.11.13"]
[Round "3"]
[White "Sebesta, Jan"]
[Black "Vizner, Jaroslav"]
[Result "1-0"]
[WhiteElo "1826"]
[BlackElo "1853"]
[PlyCount "77"]
[EventDate "2022.10.09"]
[EventType "team-tourn"]
[EventRounds "11"]
[EventCountry "CZE"]
[SourceTitle "EXT 2024"]
[Source "ChessBase"]
[SourceDate "2023.10.10"]
[SourceVersion "1"]
[SourceVersionDate "2023.10.10"]
[SourceQuality "1"]
[WhiteTeam "Orlova Slavia III"]
[BlackTeam "Havirov Banik"]
[WhiteTeamCountry "CZE"]
[BlackTeamCountry "CZE"]

1. e4 e5 2. Nf3 Nf6 3. Nxe5 Nxe4 4. Qe2 Qe7 5. Qxe4 d6 6. d4 dxe5 7. Qxe5 Qxe5+ 8. dxe5 Bf5 9. c3 Nd7 10. Bf4 0-0-0 11. Nd2 Re8 12. Nc4 f6 13. 0-0-0 g5 14. Be3 Nxe5 15. Nxe5 Rxe5 16. Bd4 Ra5 17. Bxf6 Bd6 18. Rxd6 Rf8 19. Rd8+ Rxd8 20. Bxd8 Kxd8 21. Bc4 Re5 22. Kd2 b5 23. Bb3 Bd7 24. Re1 Rf5 25. f3 Rf6 26. Re4 h6 27. Ke3 c5 28. Re5 c4 29. Bc2 Kc7 30. Be4 Kb6 31. g4 a5 32. Bf5 Bxf5 33. gxf5 Kc6 34. Ke4 Rd6 35. Re6 Rxe6+ 36. fxe6 Kd6 37. Kf5 Ke7 38. Ke5 a4 39. a3 1-0

[Event "CZE-chT2F 2122"]
[Site "Czech Republic"]
[Date "2021.11.07"]
[Round "2.7"]
[White "Didi, Jan"]
[Black "Vizner, Jaroslav"]
[Result "1-0"]
[WhiteElo "2034"]
[BlackElo "1887"]
[PlyCount "67"]
[EventDate "2021.10.17"]
[EventType "team-tourn"]
[EventRounds "11"]
[EventCountry "CZE"]
[SourceTitle "EXT 2024"]
[Source "ChessBase"]
[SourceDate "2023.10.10"]
[SourceVersion "1"]
[SourceVersionDate "2023.10.10"]
[SourceQuality "1"]
[WhiteTeam "Ostrava"]
[BlackTeam "Havirov Banik"]
[WhiteTeamCountry "CZE"]
[BlackTeamCountry "CZE"]

1. e4 e5 2. Bc4 Nf6 3. Nf3 Nc6 4. Nc3 Nxe4 5. 0-0 Nxc3 6. dxc3 Be7 7. Qd5 0-0 8. Nxe5 Nxe5 9. Qxe5 Bf6 10. Qg3 d5 11. Bd3 Bh4 12. Qf3 Be6 13. Bf4 h6 14. Rad1 c6 15. c4 Qf6 16. Qe3 Bg5 17. Bxg5 hxg5 18. f4 dxc4 19. fxg5 Qxb2 20. Rb1 Qxa2 21. Ra1 Qxa1 22. Rxa1 cxd3 23. Qxd3 Rfd8 24. Qe3 g6 25. h3 b5 26. Rf1 Rd5 27. Rf6 Re8 28. Rf4 c5 29. Rh4 b4 30. c4 Rd4 31. Rh6 Bd7 32. Qf3 Bf5 33. Qc6 Be6 34. Qxe8+ 1-0

[Event "CZE-chT2F 1819"]
[Site "Czech Republic"]
[Date "2019.01.27"]
[Round "7.8"]
[White "Vizner, Jaroslav"]
[Black "Vaclavik, David"]
[Result "0-1"]
[WhiteElo "1923"]
[BlackElo "1990"]
[PlyCount "44"]
[EventDate "2018.10.14"]
[EventType "team-tourn"]
[EventRounds "11"]
[EventCountry "CZE"]
[SourceTitle "EXT 2022"]
[Source "ChessBase"]
[SourceDate "2021.10.06"]
[SourceVersion "1"]
[SourceVersionDate "2021.10.06"]
[SourceQuality "1"]
[WhiteTeam "Havirov Banik"]
[BlackTeam "Poruba Slavoj III"]
[WhiteTeamCountry "CZE"]
[BlackTeamCountry "CZE"]

1. e4 d6 2. d4 Nf6 3. Nc3 g6 4. e5 dxe5 5. dxe5 Qxd1+ 6. Nxd1 Nd5 7. Ne3 Be6 8. Ne2 Nc6 9. Nxd5 Bxd5 10. Nc3 0-0-0 11. Be3 Be6 12. Bb5 Nxe5 13. Bxa7 Bc4 14. f4 Bxb5 15. Nxb5 Nc6 16. Bf2 Bg7 17. c3 Rd5 18. a4 Rhd8 19. 0-0 Rd2 20. b4 Nxb4 21. cxb4 Bxa1 22. Rxa1 Rd1+ 0-1

[Event "Havirov op 14th"]
[Site "Havirov"]
[Date "2013.08.26"]
[Round "3"]
[White "Skockova, Katerina"]
[Black "Vizner, Jaroslav"]
[Result "0-1"]
[WhiteElo "1771"]
[BlackElo "1957"]
[PlyCount "58"]
[EventDate "2013.08.24"]
[EventType "swiss"]
[EventRounds "9"]
[EventCountry "CZE"]
[SourceTitle "CBM 156 Extra"]
[Source "ChessBase"]
[SourceDate "2013.10.22"]
[SourceVersion "1"]
[SourceVersionDate "2013.10.22"]
[SourceQuality "1"]

1. e4 e5 2. Nf3 d5 3. d4 dxe4 4. Nxe5 Bd6 5. f4 exf3 6. Nxf3 Bg4 7. Be2 Nf6 8. c3 0-0 9. 0-0 Nbd7 10. Bg5 h6 11. Bh4 Re8 12. Nbd2 c6 13. Bd3 Qc7 14. Qc2 Nd5 15. Rfe1 N7f6 16. Rxe8+ Rxe8 17. Re1 Ne3 18. Qc1 Bf4 19. Bxf6 gxf6 20. g3 Bxg3 21. Rxe3 Rxe3 22. Ne4 Rxf3 23. Qxh6 Bxh2+ 24. Kg2 Rg3+ 25. Kf2 Bg1+ 26. Kf1 Bh3+ 27. Ke2 Re3+ 28. Kd2 Qh2+ 29. Kd1 Bg4+ 0-1

[Event "Havirov op 14th"]
[Site "Havirov"]
[Date "2013.08.25"]
[Round "2"]
[White "Vizner, Jaroslav"]
[Black "Klima, Lukas"]
[Result "0-1"]
[WhiteElo "1957"]
[BlackElo "2353"]
[PlyCount "38"]
[EventDate "2013.08.24"]
[EventType "swiss"]
[EventRounds "9"]
[EventCountry "CZE"]
[SourceTitle "CBM 156 Extra"]
[Source "ChessBase"]
[SourceDate "2013.10.22"]
[SourceVersion "1"]
[SourceVersionDate "2013.10.22"]
[SourceQuality "1"]

1. e4 c5 2. d4 cxd4 3. c3 Nf6 4. e5 Nd5 5. Qxd4 e6 6. Bd3 Nc6 7. Qe4 d6 8. Nf3 dxe5 9. Nxe5 Nxc3 10. Nxc6 Nxe4 11. Nxd8 Nc5 12. Nxf7 Nxd3+ 13. Kd2 Nxf2 14. Nxh8 Nxh1 15. Ke2 Bd6 16. Be3 Bxh2 17. Nc3 Ng3+ 18. Kd2 Bd7 19. Bg5 Kf8 0-1

[Event "Havirov op 14th"]
[Site "Havirov"]
[Date "2013.08.24"]
[Round "1"]
[White "Olsarova, Tereza"]
[Black "Vizner, Jaroslav"]
[Result "1/2-1/2"]
[WhiteElo "2209"]
[BlackElo "1957"]
[PlyCount "92"]
[EventDate "2013.08.24"]
[EventType "swiss"]
[EventRounds "9"]
[EventCountry "CZE"]
[SourceTitle "CBM 156 Extra"]
[Source "ChessBase"]
[SourceDate "2013.10.22"]
[SourceVersion "1"]
[SourceVersionDate "2013.10.22"]
[SourceQuality "1"]

1. e4 e5 2. d4 exd4 3. Qxd4 Nc6 4. Qe3 Be7 5. Nc3 Nf6 6. Bd2 d5 7. exd5 Nxd5 8. Nxd5 Qxd5 9. Ne2 Bf5 10. Nf4 Qe4 11. Qxe4 Bxe4 12. 0-0-0 0-0-0 13. f3 Bf5 14. g4 Bd7 15. Bg2 Rhe8 16. h4 f5 17. g5 Ne5 18. Bc3 Bd6 19. Nh5 Re7 20. Rhe1 g6 21. Nf6 Bc6 22. Nd5 Bxd5 23. Rxd5 Rde8 24. Rh1 Nc4 25. Rdd1 Ne3 26. Rdg1 Bg3 27. Kb1 Nxg2 28. Rxg2 Re2 29. Rxe2 Rxe2 30. a4 Rh2 31. Rxh2 Bxh2 32. Be1 Kd7 33. Kc1 Ke6 34. Kd2 Ke5 35. Bf2 a6 36. Ke3 c5 37. a5 c4 38. b3 Bf4+ 39. Ke2 Kd5 40. b4 Kc6 41. c3 Kd5 42. Kd1 h6 43. gxh6 Bxh6 44. Ke2 Bg7 45. Be1 Bf6 46. Ke3 Bg7 1/2-1/2

[Event "Ostrava Konik op-B"]
[Site "Ostrava"]
[Date "2012.04.29"]
[Round "2"]
[White "Lisowski, Adam"]
[Black "Vizner, Jaroslav"]
[Result "0-1"]
[WhiteElo "1553"]
[BlackElo "1889"]
[PlyCount "44"]
[EventDate "2012.04.28"]
[EventType "swiss"]
[EventRounds "9"]
[EventCountry "CZE"]
[SourceTitle "CBM 148 Extra"]
[Source "ChessBase"]
[SourceDate "2012.06.22"]
[SourceVersion "1"]
[SourceVersionDate "2012.06.22"]
[SourceQuality "1"]

1. d4 d5 2. c4 e6 3. Nc3 Nf6 4. Nf3 Be7 5. Bf4 0-0 6. e3 c5 7. Bd3 Nc6 8. 0-0 a6 9. a3 cxd4 10. exd4 dxc4 11. Bxc4 b5 12. Bd3 Bb7 13. Bc2 b4 14. axb4 Nxb4 15. Ba4 Nbd5 16. Nxd5 Qxd5 17. Bb3 Qf5 18. Qd2 Rfd8 19. Rfd1 Qg4 20. Qe2 Qxf4 21. Ne1 Rxd4 22. Rxd4 Qxd4 0-1